000 00304nam a2200121Ia 4500
008 190216s9999||||xx |||||||||||||| ||und||
100 _aSubba Rao P
245 0 _aPersonnel And Human Resource Management
260 _bHimalaya Publishing House
_c2003
300 _a477p
650 _aCommerce
942 _cBK
999 _c6377
_d6377